000 00625nam a22001817a 4500
999 _c13287
_d13287
003 AR-CdUCM
008 190411b ||||| |||| 00| 0 pa d
040 _aMUNICIPALIDAD PROVINCIAL DEL CUSCO
_cBIBLIOTECA MUNICIPAL DEL CUSCO
082 _aC / 307.72 /
_bES79
110 _aCentro Bartolome de las Casas
_93293
245 _aEstatuto interno de comunidades campesinas :
_bcurso taller /
260 _aCusco :
_bCBC,
_c1990.
300 _a28 páginas ;
_c21 cm.
505 _aEl estatuto de la comunidad -- Modelos de estatutos internos..
650 _aEstatuto.
_931625
942 _2ddc
_cFOLLETOS
945 _awfj
_d2019-04-11